| 000 | 00597nam a2200181Ia 4500 | ||
|---|---|---|---|
| 008 | 240925s9999 xx 000 0 und d | ||
| 020 | _aNA | ||
| 082 | _a342.026 ALI | ||
| 100 | _aZaka., Ali | ||
| 245 | 4 | _aThe Karachi Building & Town Planning Regulations 2002: ammended as karachi building & town planning regulations (AMDT)2004,karachi building & town planning regulations (AMDT) | |
| 250 | _a1st | ||
| 260 |
_aKarachi: _bThe Ideal Publishers _c,2006. |
||
| 300 |
_a120p. _b0 _fOriginal |
||
| 500 | _aIncludes Index | ||
| 600 | _aSocial Sciences | ||
| 650 | _aSocial Sciences | ||
| 942 | _cBK | ||
| 999 |
_c14376 _d14376 |
||